Keď na kvalite záleží

Oblečenie je v súčasnosti rýchloobrátkovým tovarom. Takmer každá konfekčná značka ponúka módu aj pre najmenších. Čoraz viac rodičov má záujem o lokálnu slovenskú tvorbu. V detskej móde sa derú do popredia slovenské značky.

Gespeichert in:
Bibliographische Detailangaben
1. Verfasser: Mikulcová, Katarína
Format: Buchkapitel
Sprache:Slowakisch
Schlagworte:
Tags: Tag hinzufügen
Keine Tags, Fügen Sie das erste Tag hinzu!

MARC

LEADER 00000naa a2200000 4500
001 0235921
005 20170920092801.3
041 0 |a slo 
044 |a SK 
245 1 0 |a Keď na kvalite záleží  |c Katarína Mikulcová 
520 |a Oblečenie je v súčasnosti rýchloobrátkovým tovarom. Takmer každá konfekčná značka ponúka módu aj pre najmenších. Čoraz viac rodičov má záujem o lokálnu slovenskú tvorbu. V detskej móde sa derú do popredia slovenské značky. 
610 2 0 |a konfekcia 
610 2 0 |a deti 
610 2 0 |a výrobky domáce 
610 2 0 |a výrobky značkové 
610 2 0 |a kvalita výrobkov 
100 1 |a Mikulcová, Katarína